|
|
|
|
| LEADER |
00000nam0a2200000 4500 |
| 001 |
248001 |
| 005 |
20241014100131.0 |
| 035 |
|
|
|a (RuTPU)RU\TPU\book\269646
|
| 090 |
|
|
|a 248001
|
| 100 |
|
|
|a 20140116d1983 m y0rusy50 ca
|
| 101 |
0 |
|
|a rus
|
| 102 |
|
|
|a RU
|
| 105 |
|
|
|a g z 001zy
|
| 200 |
0 |
|
|a Т. 1 : По XVIII век
|f Т. Н. Ливанова
|
| 210 |
|
|
|d 1983
|
| 215 |
|
|
|a 696 с.
|c нот. ил.
|
| 320 |
|
|
|a Указ. имен: с. 686-687
|
| 461 |
|
|
|t История западноевропейской музыки до 1789 года : учебник
|o в 2-х томах
|f Т. Н. Ливанова
|v Т. 1 : По XVIII век
|e 2-е изд., перераб. и доп.
|d 1982-1983
|
| 606 |
1 |
|
|a Музыка
|2 stltpush
|3 (RuTPU)RU\TPU\subj\73462
|9 86458
|
| 610 |
1 |
|
|a учебная литература
|
| 610 |
1 |
|
|a музыкальное образование
|
| 610 |
1 |
|
|a 17 век
|
| 610 |
1 |
|
|a средние века
|
| 610 |
1 |
|
|a эпоха Возрождения
|
| 610 |
1 |
|
|a ноты
|
| 675 |
|
|
|a 78
|v 3
|
| 801 |
|
1 |
|a RU
|b 63413507
|c 20140116
|
| 801 |
|
2 |
|a RU
|b 63413507
|c 20220525
|g RCR
|
| 942 |
|
|
|c BK
|